Moisés y la religión monoteísta y otros escritos sobre judaísmo y antisemitismo /
Enregistré dans:
| Auteur principal: | |
|---|---|
| Autres auteurs: | |
| Format: | Inconnue |
| Langue: | Spanish |
| Publié: |
España :
Alianza Editorial
|
| Édition: | 4 |
| Sujets: | |
| Tags: |
Ajouter un tag
Pas de tags, Soyez le premier à ajouter un tag!
|
MARC
| LEADER | 00000 a2200000 04500 | ||
|---|---|---|---|
| 001 | 44662 | ||
| 003 | |||
| 008 | 050606s1984 sp spa d | ||
| 040 | |a CRAI/IIS |c CRAI/IIS | ||
| 020 | |a 84-206-1256-1 | ||
| 022 | |a [Pendiente] | ||
| 090 | |a 0003 F889r | ||
| 100 | |a Freud, Sigmund | ||
| 245 | |a Moisés y la religión monoteísta y otros escritos sobre judaísmo y antisemitismo / |c Sigmund Freud; Ramón Rey Ardid, traductor | ||
| 250 | |a 4 | ||
| 260 | |a España : |b Alianza Editorial | ||
| 300 | |a 216 páginas | ||
| 500 | |a Colección Rosa Maria Pochet CoronadoTitulo en Alemán Moses und die monotheistische religion | ||
| 650 | |a RELIGIONES | ||
| 650 | |a JUDAISMO | ||
| 650 | |a ANTISEMITISMO | ||
| 650 | |a FREUD | ||
| 650 | |a HISTORIA | ||
| 700 | |a Rey Ardid, Ramón, traductor | ||
| 999 | |c 17599 |d 17599 | ||



